Statistics for Locally Westernmost Capitals

Click here to take the quiz!

General Stats

  • This quiz has been taken 28 times
  • The average score is 9 of 23

Answer Stats

N Capital City % Correct
14Dublin
83%
26Lisbon
83%
41Mexico City
83%
45Reykjavik
75%
5G{uatemala City}
67%
19Praia
63%
6Oslo
58%
4S{antiago}
54%
4T{unis}
54%
4R{iga}
46%
6Windhoek
46%
4R{iyadh}
33%
6Cairo
33%
5G{aborone}
29%
5S{aint George's}
25%
8Caracas
21%
4S{an Marino}
17%
5M{onaco}
17%
4P{alikir}
17%
4D{ushanbe}
13%
7Basseterre
13%
4N{icosia}
13%
6Bujumbura
0%

Score Distribution

Percentile by Number Answered

Percent of People with Each Score

Your Score History

You have not taken this quiz